000 01327nam a2200325 i 4500
005 20220316235238.0
007 ta
008 121119s2002 mx a gr 000 0 spa d
020 _a9681603230
040 _aCO-BoRNBP
_bspa
_cCO-BoRNBP
_erda
041 1 _aspa
043 _as-ck---
082 0 4 _a330.9034
_bA73r
_223
100 1 _aAshton, Thomas Southcliffe
_eautor
245 1 3 _aLa revolución industrial, 1760-1830
_cThomas Southclife Ashton ; traducción, Francisco Cuevas Cancino
250 _aPrimera edición
264 1 _aMéxico
_bFondo de Cultura Económica
_c2002
300 _a195 páginas
_bilustraciones
_c18 cm
336 _atexto
_btxt
_2rdacontent
337 _asin mediación
_bn
_2rdamedia
338 _avolumen
_bnc
_2rdacarrier
490 0 _aBreviarios
520 3 _aLa Revolución industrial no fue un fenómeno que se produjera sólo en las fábricas, ya que la agricultura, el comercio, las finanzas, la estructura de la sociedad, la educación y la valoración del individuo sufrieron alteraciones profundas en proporción semejante a la industria
534 _tThe industrial revolution
650 1 7 _aRevolución industrial
_2ARMARC
650 1 7 _aIndustria
_xHistoria
_2ARMARC
650 1 7 _aEconomía
_xHistoria
_2ARMARC
700 1 _aCuevas Cancino, Francisco
_etraductor
_9172627
942 _2ddc
_cBK
999 _c353
_d353